000
00298nam a22001337a 4500
082
_a
894.812.3
_b
DIC/S
100
_a
DICKENS, CHARLES
245
_a
SHOBHANAMAYA BHAVI
260
_a
KUNNAMKULAM
_b
RED ROSE PUBLISHING HOUSE
_c
2009
300
_a
176
520
_a
NOVEL
650
_a
NOVEL
942
_c
BK
999
_c
4870
_d
4870